Dynamic IS-LM-AS Model Augmented by the Inflation Expectations
Rozdiel medzi modelmi reálneho a menového rastu. Podmienky pre menový rast: homogénnosť systému, stabilita a oscilačné pohyby inflácie a úrokovej miery. Analýza senzitivity rastu na podmienky.
Saved in:
| Main Author: | |
|---|---|
| Other Authors: | , |
| Format: | Book Chapter |
| Language: | English |
| Subjects: | |
| Tags: |
No Tags, Be the first to tag this record!
|
MARC
| LEADER | 00000naa a2200000 4500 | ||
|---|---|---|---|
| 001 | 0215830 | ||
| 005 | 20240502083541.4 | ||
| 041 | 0 | |a eng | |
| 044 | |a FR | ||
| 245 | 1 | 0 | |a Dynamic IS-LM-AS Model Augmented by the Inflation Expectations |c Karol Szomolányi, Martin Lukáčik, Adriana Lukáčiková |
| 520 | |a Rozdiel medzi modelmi reálneho a menového rastu. Podmienky pre menový rast: homogénnosť systému, stabilita a oscilačné pohyby inflácie a úrokovej miery. Analýza senzitivity rastu na podmienky. | ||
| 610 | 2 | 0 | |a inflácia očakávaná |
| 610 | 2 | 0 | |a stabilita hospodárstva |
| 610 | 2 | 0 | |a teória ekonomického rastu |
| 100 | 1 | |a Szomolányi, Karol, 1976- | |
| 700 | 1 | |a Lukáčik, Martin, 1974- | |
| 700 | 1 | |a Lukáčiková, Adriana, 1971- | |